Desarrollo infantil
Saved in:
| Hovedforfatter: | |
|---|---|
| Format: | Bog |
| Sprog: | spansk |
| Udgivet: |
Cuernavaca
McGraw-Hill
2007
|
| Udgivelse: | 11a. ed |
| Fag: | |
| Tags: |
Tilføj Tag
Ingen Tags, Vær først til at tagge denne postø!
|
MARC
| LEADER | 00000nam a2200000 a 4500 | ||
|---|---|---|---|
| 001 | UCG0856 | ||
| 003 | CL-VaPUC | ||
| 008 | 100408e20070000MX |||||||||||||||||spa|d | ||
| 020 | |a 9789701060599 | ||
| 082 | 0 | 4 | |a 155.4 |b SAN |2 21 |
| 100 | 0 | |a Santrock, John W |e author |9 548503 | |
| 245 | 1 | 0 | |a Desarrollo infantil |
| 250 | |a 11a. ed | ||
| 300 | |a 585 p | ||
| 942 | |c BK | ||
| 945 | |d 20100408 00:00:00 |a dcastane | ||
| 260 | |a Cuernavaca |b McGraw-Hill |c 2007 | ||
| 650 | 0 | |a Psicología del niño |9 307305 | |
| 650 | 0 | |a Desarrollo individual |9 307875 | |
| 650 | 0 | |a Emociones |9 265224 | |
| 650 | 0 | |a Cognición |9 270347 | |
| 583 | |a last modification |c 20130107 12:49:45 |k Rodrigo Vera | ||
| 999 | |c 340374 |d 340372 | ||
| 952 | |0 0 |1 0 |4 0 |6 155_400000000000000_SAN_2007 |7 0 |8 A |9 435026 |a BIBCUR |b BIBCUR |d 2019-11-22 |i 4658183 |l 2 |o 155.4 SAN 2007 |p 4658183 |r 2025-04-22 |s 2023-08-10 |w 2019-11-22 |y BK |k KIN | ||